<?xml version='1.0' encoding='UTF-8'?>
  <record xmlns="http://www.loc.gov/MARC21/slim">
    <leader>00000cam a22000007i 4500</leader>
    <controlfield tag="001">ocm65358534</controlfield>
    <controlfield tag="003">OCoLC</controlfield>
    <controlfield tag="005">20250104105335.7</controlfield>
    <controlfield tag="008">900516s1878    gw            000 0 ger d</controlfield>
    <datafield tag="040" ind1=" " ind2=" ">
      <subfield code="a">NLGGC</subfield>
      <subfield code="b">dut</subfield>
      <subfield code="e">fobidrtb</subfield>
      <subfield code="c">NLGGC</subfield>
      <subfield code="d">OCLCO</subfield>
      <subfield code="d">OCLCL</subfield>
      <subfield code="d">OCLCQ</subfield>
    </datafield>
    <datafield tag="029" ind1="0" ind2=" ">
      <subfield code="a">NLGGC</subfield>
      <subfield code="b">061523607</subfield>
    </datafield>
    <datafield tag="035" ind1=" " ind2=" ">
      <subfield code="a">(OCoLC)65358534</subfield>
    </datafield>
    <datafield tag="100" ind1="1" ind2=" ">
      <subfield code="a">Baumeister, Wilhelm,</subfield>
      <subfield code="c">Dierenarts,</subfield>
      <subfield code="d">1804-1846.</subfield>
      <subfield code="1">https://id.oclc.org/worldcat/entity/E39PBJcGkXDb74cdHFhdHBT8md</subfield>
    </datafield>
    <datafield tag="245" ind1="1" ind2="4">
      <subfield code="a">Die thierärztliche Geburtshülfe nebst den Krankheiten der Mutterthiere und Jungen :</subfield>
      <subfield code="b">für Thierärzte, Thierzüchter und Gestütsbeamte /</subfield>
      <subfield code="c">von Wilh. Baumeister.</subfield>
    </datafield>
    <datafield tag="250" ind1=" " ind2=" ">
      <subfield code="a">6. vollst. umgestaltete und verm. Aufl. /</subfield>
      <subfield code="b">von A. v. Rueff.</subfield>
    </datafield>
    <datafield tag="260" ind1=" " ind2=" ">
      <subfield code="a">Stuttgart :</subfield>
      <subfield code="b">Schickhardt &amp; Ebner,</subfield>
      <subfield code="c">1878.</subfield>
    </datafield>
    <datafield tag="300" ind1=" " ind2=" ">
      <subfield code="a">XV, 560 p. :</subfield>
      <subfield code="b">ill. ;</subfield>
      <subfield code="c">21 cm.</subfield>
    </datafield>
    <datafield tag="336" ind1=" " ind2=" ">
      <subfield code="a">tekst</subfield>
      <subfield code="b">txt</subfield>
      <subfield code="2">rdacontent/dut</subfield>
    </datafield>
    <datafield tag="337" ind1=" " ind2=" ">
      <subfield code="a">zonder medium</subfield>
      <subfield code="b">n</subfield>
      <subfield code="2">rdamedia/dut</subfield>
    </datafield>
    <datafield tag="338" ind1=" " ind2=" ">
      <subfield code="a">band</subfield>
      <subfield code="b">nc</subfield>
      <subfield code="2">rdacarrier/dut</subfield>
    </datafield>
    <datafield tag="530" ind1=" " ind2=" ">
      <subfield code="a">Ook beschikbaar in microvorm.</subfield>
    </datafield>
    <datafield tag="700" ind1="1" ind2=" ">
      <subfield code="a">Rueff, Adolf</subfield>
      <subfield code="q">(Adolph),</subfield>
      <subfield code="d">1820-1885.</subfield>
      <subfield code="1">https://id.oclc.org/worldcat/entity/E39PCjCrTM4Cm9WHY3BhdxPKQy</subfield>
    </datafield>
    <datafield tag="758" ind1=" " ind2=" ">
      <subfield code="a">Thierärztliche Geburtshülfe nebst den Krankheiten der Mutterthiere und Jungen (Text)</subfield>
      <subfield code="1">https://id.oclc.org/worldcat/entity/E39PCXYD9WWMDvByGFD9ptmBXH</subfield>
      <subfield code="4">https://id.oclc.org/worldcat/ontology/hasWork</subfield>
    </datafield>
    <datafield tag="936" ind1=" " ind2=" ">
      <subfield code="a">BATCHLOAD</subfield>
    </datafield>
  </record>